[Event "POL-chT U26 rapid"]
[Site "Hucisko"]
[Date "2016.01.16"]
[Round "4.13"]
[White "Reza, Wojciech"]
[Black "Rewasiewicz, Milosz"]
[Result "1-0"]
[WhiteElo "2263"]
[BlackElo "1883"]
[PlyCount "75"]
[EventDate "2016.01.16"]
[EventType "team-swiss (rapid)"]
[EventRounds "9"]
[EventCountry "POL"]
[SourceTitle "CBM 170 Extra"]
[Source "ChessBase"]
[SourceDate "2016.02.25"]
[SourceVersion "1"]
[SourceVersionDate "2016.02.25"]
[SourceQuality "1"]
[WhiteTeam "Wroclaw PWr"]
[BlackTeam "Opole PO"]
[WhiteTeamCountry "POL"]
[BlackTeamCountry "POL"]

1. d4 Nf6 2. c4 e6 3. Nf3 b6 4. a3 Be7 5. Nc3 Bb7 6. d5 exd5 7. cxd5 d6 8. e4 0-0 9. Bd3 Ba6 10. 0-0 Re8 11. Re1 Bxd3 12. Qxd3 Nbd7 13. Nd4 Ne5 14. Qc2 Qd7 15. Bf4 a6 16. Rac1 Rec8 17. Bxe5 dxe5 18. Nc6 Bd6 19. Nd1 Nh5 20. g3 Nf6 21. b4 g6 22. Kg2 Kg7 23. Ne3 h5 24. Nc4 Ne8 25. N4xe5 Bxe5 26. Nxe5 Qd6 27. Nf3 a5 28. Qc3+ Kg8 29. b5 Rd8 30. Rcd1 Ng7 31. e5 Qe7 32. h4 Rd7 33. Ng5 Rdd8 34. Ne4 Rac8 35. Nf6+ Kf8 36. Rd3 Ne8 37. Ne4 Rd7 38. e6 1-0

[Event "POL-chT U19 2nd League"]
[Site "Lublin"]
[Date "2007.07.12"]
[Round "8"]
[White "Rewasiewicz, Milosz"]
[Black "Bartczak, Krzysztof"]
[Result "1-0"]
[WhiteElo "1827"]
[BlackElo "1964"]
[PlyCount "63"]
[EventDate "2007.07.07"]
[EventType "team-swiss"]
[EventRounds "11"]
[EventCountry "POL"]
[SourceTitle "EXT 2010"]
[Source "ChessBase"]
[SourceDate "2010.11.25"]
[SourceVersion "1"]
[SourceVersionDate "2010.11.25"]
[SourceQuality "1"]
[WhiteTeam "Ligota Dolna LZS Pat U19"]
[BlackTeam "Lublin MKS Start U19"]
[WhiteTeamCountry "POL"]
[BlackTeamCountry "POL"]

1. e4 e6 2. d4 d5 3. Nc3 Bb4 4. e5 c5 5. a3 cxd4 6. axb4 dxc3 7. Nf3 cxb2 8. Bxb2 Ne7 9. Bd3 0-0 10. Bxh7+ Kh8 11. Bd3 Ng6 12. Bc1 Qc7 13. Ng5 Qxe5+ 14. Kf1 Kg8 15. Qh5 Rd8 16. Rb1 Qf6 17. b5 e5 18. Ba3 Rd6 19. Bxd6 Qxd6 20. Qh7+ Kf8 21. Bxg6 Qxg6 22. Qxg6 fxg6 23. Rd1 d4 24. f4 Bd7 25. fxe5 Bxb5+ 26. Kf2 Nc6 27. Ne6+ Ke7 28. Nxd4 Nxd4 29. Rxd4 a5 30. c4 Bc6 31. Rd6 Rf8+ 32. Kg3 1-0

[Event "POL-chT2 U18"]
[Site "Sielpa"]
[Date "2004.??.??"]
[Round "11"]
[White "Rewasiewicz, Milosz"]
[Black "Murawski, Wieslaw"]
[Result "0-1"]
[WhiteElo "1800"]
[BlackElo "1915"]
[PlyCount "72"]
[EventDate "2004.??.??"]
[EventType "team"]
[EventRounds "11"]
[EventCountry "POL"]
[SourceTitle "EXT 2007"]
[Source "ChessBase"]
[SourceDate "2006.11.23"]
[SourceVersion "1"]
[SourceVersionDate "2006.11.23"]
[SourceQuality "1"]

1. e4 e5 2. Nf3 Nc6 3. Bc4 Bc5 4. c3 Nf6 5. d3 d6 6. Bg5 Qe7 7. b4 Bb6 8. Qb3 0-0 9. 0-0 Be6 10. Nbd2 h6 11. Be3 Rad8 12. a4 Bxe3 13. fxe3 Bxc4 14. Nxc4 Qe6 15. Rab1 Ne7 16. Rfe1 Ng6 17. Na5 Qc8 18. Re2 d5 19. exd5 Nxd5 20. d4 e4 21. Nd2 Qg4 22. Rbe1 b6 23. Nc6 Rd6 24. Nxa7 Nh4 25. Nf1 Nf3+ 26. Kh1 Nxe1 27. Rxe1 Rg6 28. g3 Qf3+ 29. Kg1 Nf6 30. Nb5 Ng4 31. Qb2 h5 32. Nxc7 Rd8 33. Qd2 h4 34. Qe2 hxg3 35. Nxg3 Nxh2 36. Qxh2 Rxg3+ 0-1